Hiranyayog : Ek Abhyasa ( Gulanrao Maharaj viravhit) (Record no. 362547)

MARC details
000 -LEADER
fixed length control field 003760000a22001450004500
005 - DATE AND TIME OF LATEST TRANSACTION
control field 20120302064606.0
040 ## - CATALOGING SOURCE
Original cataloging agency mar
100 ## - MAIN ENTRY--PERSONAL NAME
Personal name Kavade, Shirish shantaram
245 ## - TITLE STATEMENT
Title Hiranyayog : Ek Abhyasa ( Gulanrao Maharaj viravhit)
260 ## - PUBLICATION, DISTRIBUTION, ETC. (IMPRINT)
Place of publication, distribution, etc Pune : sjree wa,amrak Prakashan ,2002
300 ## - PHYSICAL DESCRIPTION
Extent 96 p.
365 ## - TRADE PRICE
Price amount Rs.40/-
650 ## - SUBJECT ADDED ENTRY--TOPICAL TERM
Topical term or geographic name as entry element Yog / Hiranya yoga
942 ## - ADDED ENTRY ELEMENTS (KOHA)
Koha item type Book
Holdings
Withdrawn status Lost status Damaged status Not for loan Home library Current library Date acquired Total Checkouts Barcode Date last seen Price effective from
        Institute For Oriental Study, Thane Institute For Oriental Study, Thane 12/02/2009   IOS-M 23600 12/02/2009 12/02/2009